Environmental Criteria of Public Procurement as a Tool of Development Sustainability

Rámcová stratégia OECD s výberom dôležitých ukazovateľov životného prostredia a vlastností, ktoré sú určené pre posudzovanie zelených stratégií rastu (zelený marketing). Zelené stratégie rastu a ekonomicko-ekologické aktivity budúcnosti.

Guardado en:
Detalles Bibliográficos
Autor principal: Štofová, Lenka, 1989-
Otros Autores: Szaryszová, Petra, 1984-
Formato: Capítulo de libro
Lenguaje:inglés
Materias:
Etiquetas: Agregar Etiqueta
Sin Etiquetas, Sea el primero en etiquetar este registro!

MARC

LEADER 00000naa a2200000 4500
001 0221875
005 20240502083549.1
041 0 |a eng 
044 |a RO 
245 1 0 |a Environmental Criteria of Public Procurement as a Tool of Development Sustainability  |c Lenka Štofová, Petra Szaryszová 
520 |a Rámcová stratégia OECD s výberom dôležitých ukazovateľov životného prostredia a vlastností, ktoré sú určené pre posudzovanie zelených stratégií rastu (zelený marketing). Zelené stratégie rastu a ekonomicko-ekologické aktivity budúcnosti. 
610 2 0 |a marketing environmentálny 
610 2 0 |a rozvoj trvalo udržateľný 
610 2 0 |a obstarávanie verejné 
610 2 0 |a ochrana prostredia životného 
610 2 0 |a ekológia 
610 2 0 |a ekonómia 
610 2 0 |a OECD 
100 1 |a Štofová, Lenka, 1989- 
700 1 |a Szaryszová, Petra, 1984-